| 000 | 00417 a2200157 4500 | ||
|---|---|---|---|
| 999 |
_c7988 _d7988 |
||
| 020 | _a0719547024 | ||
| 050 | _aHG 2988 COX 1989 | ||
| 100 |
_aCox , David _eauthor |
||
| 245 |
_aSuccess in elements of banking _cDavid Cox |
||
| 250 | _a5th ed | ||
| 264 |
_aLondon : _bMurray, _c1989. |
||
| 300 | _a396p.: | ||
| 500 | _aincludes index | ||
| 650 |
_aBanks and banking _xGreat Britain. |
||
| 942 |
_2lcc _cBK _h2988 _iCOX _kHG |
||